Score 0/12 Timer 01:00
0 Plays Today
Clue Answer % Correct
Pronged eating utensilFORK
99.4%
Bottle stopperCORK
98.9%
Birthed; DeliveredBORN
92.7%
Origin of high fructose syrupCORN
91%
UncoveredBARE
87.4%
Way to cook steakRARE
85.6%
Where rude people are raised, idiomaticallyBARN
84.9%
The speed at which something progressesRATE
69.4%
Elevator in Essex or ExeterLIFT
50.3%
Ceremony; marriage, e.g.RITE
48.2%
Large opening made by cleaving; fissureRIFT
36.6%
Teeming; overrunRIFE
34%

Today's Daily Dose

Remove Ads.
Support Sporcle.
Get the best of Sporcle when you Go Orange. This ad-free experience offers more features, more stats, and more fun while also helping to support Sporcle. Thank you for becoming a member.

You're not logged in!

Compare scores with friends on all Sporcle quizzes.
OR
Log In

Show Comments

Extras

Top Quizzes Today


Score Distribution

Your Account Isn't Verified!

In order to create a playlist on Sporcle, you need to verify the email address you used during registration. Go to your Sporcle Settings to finish the process.

Report this User

Report this user for behavior that violates our Community Guidelines.

Details: